LEADER 01289nam a2200301 u 4500 001 000000010125 003 CaOOAMICUS 005 20070226105300.0 008 940516s1991 it u000 u ita u 020 $a88-7011-396-5 035 $a10250989 040 $aIAR$bita 245 00$aBambini santi :$brappresentazioni dell'infanzia e modelli agiografici /$ca cura di Anna Benvenuti Papi e Elena Giannarelli. 260 $a[Torino] :$bRosenberg & Sellier,$c[1991] 300 $a184 p. ;$c22 cm 490 1 $aSacro/Santo ;$v5 504 $aComprende indicazioni bibliografia. 650 4$aAgiografia.$0(OLS)http://pul/subject/1470 700 1 $aGiannarelli, Elena.$0(OLS)http://pul/name/9977 700 1 $aBenvenuti Papi, Anna.$0(OLS)http://pul/name/3535 830 0$aSacro/Santo ;$v5.$0(OLS)http://pul/title/9649 850 $aPUL 852 $aPUL$W1$xSL Religione 1$y3$m32 A 41$j14368$nBK-PRI$b $qStampati$B14368$CPULBib$Z2$F14368 $HPUL94595 $81 941 1 $a8 960 $aHagiography$91470 996 $6020$a88-7011-396-5$9(OLS)http://pul/number/13020 996 $6245$aBambini santi :$brappresentazioni dell'infanzia e modelli agiografici$9(OLS)http://pul/title/14810 996 $6260$a[Torino] :$bRosenberg & Sellier$9(OLS)http://pul/publisher/52740 LEADER 01289nam a2200313 u 4500 001 000000011208 003 CaOOAMICUS 005 20070226105412.0 008 940516s1974 gw u000 u ger u 020 $a3-412-03274-3 035 $a10275838 040 $aPUL(R)$bita 100 1 $aVogt, Hermann Josef.$0(OLS)http://pul/name/10835 245 14$aDas Kirchenverständnis des Origenes /$cvon Hermann Josef Vogt. 260 $aKöln ;$aWien :$bBöhlau,$c1974. 300 $axv, 363 p. ;$c24 cm 490 1 $aBonner Beiträge zur Kirchengeschichte ;$vBd. 4 500 $aComprende indici. 502 $aDiss. -- Universität Bonn. 600 04$aOrigenes,$d184-253.$0(OLS)http://pul/subject/2177 710 2 $aUniversität Bonn.$0(OLS)http://pul/name/922 830 0$aBonner Beiträge zur Kirchengeschichte ;$vBd. 4.$0(OLS)http://pul/title/16273 850 $aPUL 852 $aPUL$W1$xSL Religione 1$y3$m25 C 27$j15877$nBK-PRI$b $qStampati$B15877$CPULBib$Z2$F15877 $H $81 941 1 $a8 960 $aOrigene,$d184-253$92177 996 $6020$a3-412-03274-3$9(OLS)http://pul/number/14324 996 $6245$aDas Kirchenverständnis des Origenes$9(OLS)http://pul/title/16272 996 $6260$aKöln ;$aWien :$bBöhlau$9(OLS)http://pul/publisher/53178